|
|
|
|
| LEADER |
01639nam a2200253 i 4500 |
| 003 |
GR-PaULI |
| 005 |
20210422204026.0 |
| 008 |
201012s gr a|||g b||| 00| 0 g d |
| 952 |
|
|
|0 0
|1 0
|2 ddc
|4 0
|6 938_500000000000000_ΚΟΝ
|7 0
|9 323503
|a LISP
|b LISP
|c BSC
|d 2021-02-12
|i 150896
|l 0
|o 938.5 ΚΟΝ
|p 025000277430
|r 2021-02-12 00:00:00
|t 1
|w 2021-02-12
|y BK15
|
| 999 |
|
|
|c 147503
|d 147503
|
| 020 |
|
|
|a 960254516X
|
| 040 |
|
|
|a GR-PaULI
|b gre
|c GR-PaULI
|d GR-AiPI
|e AACR2
|
| 082 |
0 |
4 |
|a 938.5
|2 23
|
| 100 |
1 |
|
|9 183672
|a Κονοφάγος, Κωνσταντίνος Η.
|d 1912-1989,
|e συγγραφέας.
|
| 245 |
1 |
2 |
|a Η δημοκρατία της Αθήνας και οι παραχωρήσεις στους πολίτες της των μεταλλείων αργύρου της Λαυρεωτικής κατά τον 4ο αιώνα π.Χ :
|b ο βασικός ρόλος του αργύρου του Λαυρίου στην ισχύ και στον πολιτισμό της Αθήνας /
|c Κωνσταντίνος Η. Κονοφάγος ; γενική επιμέλεια Κ. Γ. Τσαϊμου.
|
| 260 |
|
|
|a Αθήνα :
|b [Εθνικό Μετσόβιο Πολυτεχνείο],
|c c1997.
|
| 300 |
|
|
|a 142 σ. :
|b εικ. ;
|c 25 εκ.
|
| 504 |
|
|
|6 Βιβλιογραφία: σ. 141 -142.
|
| 650 |
|
4 |
|9 183673
|a Μεταλλεία
|x Ιστορία
|z Ελλάδα
|z Αττική (Νομός).
|
| 650 |
|
4 |
|9 6111
|a Μεταλλουργία
|z Ελλάδα.
|
| 651 |
|
4 |
|9 183674
|a Λαύριο (Ελλάδα)
|x Αρχαιότητες.
|
| 700 |
1 |
|
|9 183675
|a Τσαίμος, Κ. Γ.
|e επιμελητής.
|
| 942 |
|
|
|2 ddc
|c BKD
|
| 998 |
|
|
|c ΚΟΚΟΤΟΥ
|d 2020-10
|